LEADER 01928ngm2 22003853i 450 001 VAN00304153 005 20260401101608.887 010 $a978-98-11-30118-6 017 70$2N$a9789811301193 100 $a20260401d2018 |0itac50 ba 101 $aeng 102 $aSG 105 $a|||| ||||| 200 1 $aˆ1: ‰Characterisation and Epidemiology of Phytoplasma - Associated Diseases$fGovind Pratap Rao ... [et al.] editors 210 $aSingapore$cSpringer$d2018 215 $aIX, 345 p.$cill.$d24 cm 461 1$1001VAN00304152$12001 $aPhytoplasmas: Plant Pathogenic Bacteria$fAssunta Bertaccini ... [et al.] editors$1210 $aSingapore$cSpringer$d2018-$1215 $avolumi$d24 cm$v1 620 $aSG$dSingapore$3VANL000061 676 $a577.6$cInquinamento acqua - Ecologia acquatica$v22 676 $a581.7$cEcologia vegetale, piante caratteristiche di specifici ambienti$v22 676 $a630$cAgricoltura e tecnologie connesse$v22 676 $a571.92$cPatologia delle piante$v22 702 1$aRao$bGovind P.$3VANV261262 712 $aSpringer $3VANV108073$4650 790 1$aRao, Govind Pratap$zRao, Govind P.$3VANV261263 790 1$aRao, G. P.$zRao, Govind P.$3VANV261264 790 1$aRao, G.P.$zRao, Govind P.$3VANV261265 801 $aIT$bSOL$c20260403$gRICA 856 4 $uhttps://doi.org/10.1007/978-981-13-0119-3$zE-book - Accesso al full-text attraverso riconoscimento IP di Ateneo, proxy e/o Shibboleth 899 $aBIBLIOTECA DEL DIPARTIMENTO DI SCIENZE E TECNOLOGIE AMBIENTALI BIOLOGICHE E FARMACEUTICHE$1IT-CE0101$2VAN17 912 $fN 912 $aVAN00304153 950 $aBIBLIOTECA DEL DIPARTIMENTO DI SCIENZE E TECNOLOGIE AMBIENTALI BIOLOGICHE E FARMACEUTICHE$d17CONS e-book 2406 $e17BIB2406/322 322 20260401 996 $aCharacterisation and Epidemiology of Phytoplasma - Associated Diseases$94557145 997 $aUNICAMPANIA